=LDR 00000nam 2200000 4500 =001 INLIS000000000030614 =005 20130612132737 =008 ***********************************ind** =035 ##$$0010-061300000030614 =041 ##$$a ind =082 ##$$a 2x4.12 =090 ##$$a 2x4.12, Ma'a m =100 ##$$a Ma'athi, Musthafa Abul =245 ##$$a Kaifa Nurrabi Auladana' alas salah, Membimbing anak gemar shalat, Musthafa Abul Ma'athi;penerjemah, Abu Abdullah; editor, Wendy Febriangga =260 ##$$a 2008 $b Sukarta =300 ##$$a 231 hlm, 21 cm =650 ##$$a SHOLAT =850 ##$$a NBPNMAT =990 ##$$a 21196891/BPAP-NTB/2014 =990 ##$$a 0001/BPAP-NTB/20142014